[Event "Wch U20"]
[Site "Puerto Madryn"]
[Date "2009.11.02"]
[Round "12"]
[White "Grigoryan, Avetik"]
[Black "Zhigalko, Sergei"]
[Result "0-1"]
[WhiteElo "2515"]
[BlackElo "2646"]
[PlyCount "120"]
[EventDate "2009.10.22"]
[EventType "swiss"]
[EventRounds "13"]
[EventCountry "ARG"]
[SourceTitle "EXT 2010"]
[Source "ChessBase"]
[SourceDate "2010.11.25"]
[SourceVersion "1"]
[SourceVersionDate "2010.11.25"]
[SourceQuality "1"]

1. d4 Nf6 2. c4 e6 3. Nf3 b6 4. g3 Ba6 5. Qc2 Bb4+ 6. Bd2 Be7 7. e4 d5 8. cxd5 Bxf1 9. Kxf1 exd5 10. e5 Ne4 11. Nc3 Nxd2+ 12. Nxd2 Qd7 13. Kg2 Nc6 14. Qa4 O-O-O 15. Qa6+ Kb8 16. Nb5 Qc8 17. Qxc8+ Rxc8 18. Rac1 Nd8 19. f4 c6 20. Nc3 Ne6 21. Ne2 f5 22. Nf1 g6 23. Ne3 Kb7 24. h3 h5 25. Kf3 Rcf8 26. Rc2 a5 27. Rhc1 Rc8 28. Rg1 Rcf8 29. Rcc1 Rh7 30. Rg2 Rhf7 31. a3 b5 32. Nc2 Rh7 33. Ke3 Bd8 34. Kd3 Bb6 35. b4 Ra8 36. Rf1 Rf8 37. Ke3 axb4 38. axb4 Bd8 39. g4 hxg4 40. hxg4 g5 41. Kd2 gxf4 42. gxf5 Rxf5 43. Rg6 Nf8 44. Rg8 Bg5 45. Ne1 f3+ 46. Rxg5 Rxg5 47. Rxf3 Ne6 48. Rf6 Re7 49. Nd3 Kc7 50. Nef4 Nxf4 51. Nxf4 Rg3 52. Ne6+ Kb6 53. Nd8 Rc7 54. Kc2 Rc8 55. Rd6 Rg8 56. Ne6 Rg2+ 57. Kd3 Rg3+ 58. Ke2 Ra8 59. Nf4 Ra2+ 60. Kf1 Rf3+ 0-1

[Event "Wch U20"]
[Site "Puerto Madryn"]
[Date "2009.11.03"]
[Round "13"]
[White "Zhigalko, Sergei"]
[Black "Popov, Ivan1"]
[Result "1/2-1/2"]
[WhiteElo "2646"]
[BlackElo "2582"]
[PlyCount "75"]
[EventDate "2009.10.22"]
[EventType "swiss"]
[EventRounds "13"]
[EventCountry "ARG"]
[SourceTitle "EXT 2010"]
[Source "ChessBase"]
[SourceDate "2010.11.25"]
[SourceVersion "1"]
[SourceVersionDate "2010.11.25"]
[SourceQuality "1"]

1. e4 e5 2. Nf3 Nc6 3. Bb5 a6 4. Ba4 Nf6 5. O-O Be7 6. Re1 b5 7. Bb3 d6 8. c3 O-O 9. h3 Nb8 10. d4 Nbd7 11. Nbd2 Bb7 12. Bc2 Re8 13. Nf1 Bf8 14. Ng3 g6 15. a4 c5 16. d5 c4 17. Bg5 h6 18. Be3 Nc5 19. Ra3 Kh7 20. Qe2 Nfd7 21. Rea1 Bg7 22. Nd2 Qc7 23. axb5 axb5 24. b3 cxb3 25. Nxb3 Rxa3 26. Rxa3 Rb8 27. Nxc5 Nxc5 28. Bd3 Nxd3 29. Qxd3 Bc8 30. Nf1 f5 31. f3 b4 32. cxb4 Rxb4 33. Ra7 Rb7 34. Rxb7 Qxb7 35. Nd2 Bf6 36. Qc3 Bd7 37. Qa5 Bb5 38. Bb6 1/2-1/2

[Event "UKR-chT 17th"]
[Site "Alushta"]
[Date "2010.05.14"]
[Round "3.5"]
[White "Pavlov, Maxim"]
[Black "Zhigalko, Sergei"]
[Result "0-1"]
[WhiteElo "2383"]
[BlackElo "2647"]
[PlyCount "58"]
[EventDate "2010.05.13"]
[EventType "team-tourn"]
[EventRounds "11"]
[EventCountry "UKR"]
[SourceTitle "EXT 2019"]
[Source "ChessBase"]
[SourceDate "2018.10.10"]
[SourceVersion "1"]
[SourceVersionDate "2018.10.10"]
[SourceQuality "1"]
[WhiteTeam "Simferopol Tavriya"]
[BlackTeam "Tschernihiw A DAN DZO & PGMB"]
[WhiteTeamCountry "UKR"]
[BlackTeamCountry "UKR"]

1. e4 Nf6 2. e5 Nd5 3. d4 Nb6 4. a4 a5 5. Nf3 d5 6. Bd3 Bg4 7. h3 Bxf3 8. Qxf3 e6 9. Qg3 c5 10. Bb5+ Nc6 11. dxc5 Nd7 12. Bf4 Nd4 13. Na3 Nf5 14. Qd3 Bxc5 15. g4 Ne7 16. Be3 Nc6 17. f4 Qh4+ 18. Ke2 O-O 19. Raf1 f6 20. exf6 Qxf6 21. c3 Bxa3 22. bxa3 Qe7 23. Kf2 Qxa3 24. Kg2 Nc5 25. Qc2 Ne4 26. Bd3 Qxc3 27. Bxe4 Qxe3 28. Bxh7+ Kh8 29. Rf3 Qxf3+ 0-1

[Event "UKR-chT 17th"]
[Site "Alushta"]
[Date "2010.05.16"]
[Round "5.4"]
[White "Zhigalko, Sergei"]
[Black "Nesterets, Anatoliy"]
[Result "1-0"]
[WhiteElo "2647"]
[BlackElo "2408"]
[PlyCount "65"]
[EventDate "2010.05.13"]
[EventType "team-tourn"]
[EventRounds "11"]
[EventCountry "UKR"]
[SourceTitle "EXT 2019"]
[Source "ChessBase"]
[SourceDate "2018.10.10"]
[SourceVersion "1"]
[SourceVersionDate "2018.10.10"]
[SourceQuality "1"]
[WhiteTeam "Tschernihiw A DAN DZO & PGMB"]
[BlackTeam "Tschernihiw No Mercy"]
[WhiteTeamCountry "UKR"]
[BlackTeamCountry "UKR"]

1. e4 e5 2. Nf3 Nc6 3. Bb5 a6 4. Ba4 Nf6 5. O-O Nxe4 6. d4 b5 7. Bb3 d5 8. dxe5 Be6 9. Nbd2 Be7 10. c3 Nc5 11. Bc2 Bg4 12. Re1 Qd7 13. Nb3 Ne6 14. h3 Bh5 15. g4 Bg6 16. Bf5 h5 17. Qd3 hxg4 18. hxg4 Bxf5 19. gxf5 Nc5 20. Nxc5 Bxc5 21. Bf4 O-O-O 22. a4 Ne7 23. axb5 axb5 24. e6 fxe6 25. Rxe6 Rh3 26. Kg2 Rxf3 27. Kxf3 Kb7 28. b4 Bb6 29. Bg5 Rh8 30. Rxe7 Qc6 31. Re6 Qd7 32. Kg2 g6 33. Rxg6 1-0

[Event "UKR-chT 17th"]
[Site "Alushta"]
[Date "2010.05.16"]
[Round "6.1"]
[White "Zhigalko, Sergei"]
[Black "Borovikov, Vladislav"]
[Result "1/2-1/2"]
[WhiteElo "2647"]
[BlackElo "2599"]
[PlyCount "41"]
[EventDate "2010.05.13"]
[EventType "team-tourn"]
[EventRounds "11"]
[EventCountry "UKR"]
[SourceTitle "EXT 2019"]
[Source "ChessBase"]
[SourceDate "2018.10.10"]
[SourceVersion "1"]
[SourceVersionDate "2018.10.10"]
[SourceQuality "1"]
[WhiteTeam "Tschernihiw A DAN DZO & PGMB"]
[BlackTeam "Kharkov Law Academy"]
[WhiteTeamCountry "UKR"]
[BlackTeamCountry "UKR"]

1. e4 c5 2. Nf3 d6 3. d4 cxd4 4. Nxd4 Nf6 5. Nc3 a6 6. Be3 e5 7. Nb3 Be7 8. f3 Be6 9. Qd2 O-O 10. O-O-O Nbd7 11. g4 b5 12. Rg1 Nb6 13. g5 Nh5 14. Nd5 Bxd5 15. exd5 Rc8 16. Na5 Nxd5 17. Qxd5 Qxa5 18. Kb1 Qc7 19. Bd3 g6 20. h4 Rb8 21. Be4 {=} 1/2-1/2

[Event "UKR-chT 17th"]
[Site "Alushta"]
[Date "2010.05.17"]
[Round "7.2"]
[White "Kononenko, Dmitry"]
[Black "Zhigalko, Sergei"]
[Result "1/2-1/2"]
[WhiteElo "2576"]
[BlackElo "2647"]
[PlyCount "54"]
[EventDate "2010.05.13"]
[EventType "team-tourn"]
[EventRounds "11"]
[EventCountry "UKR"]
[SourceTitle "EXT 2019"]
[Source "ChessBase"]
[SourceDate "2018.10.10"]
[SourceVersion "1"]
[SourceVersionDate "2018.10.10"]
[SourceQuality "1"]
[WhiteTeam "Rivne Bisons"]
[BlackTeam "Tschernihiw A DAN DZO & PGMB"]
[WhiteTeamCountry "UKR"]
[BlackTeamCountry "UKR"]

1. e4 e6 2. d3 d5 3. Nd2 c5 4. g3 Nc6 5. Bg2 Nf6 6. Ngf3 Be7 7. O-O O-O 8. e5 Nd7 9. Re1 Qc7 10. Qe2 b5 11. Nf1 Nd4 12. Nxd4 cxd4 13. Bf4 Bb7 14. h4 Rfc8 15. Rec1 Qb6 16. Bf3 Rc7 17. Qd2 Rac8 18. Nh2 a5 19. Bd1 b4 20. Nf3 a4 21. Rab1 Qa7 22. Bg5 Bf8 23. Nxd4 Qxd4 24. Be3 Qxe5 25. Bf4 Qd4 26. Be3 Qf6 27. Bg5 Qd4 1/2-1/2

[Event "UKR-chT 17th"]
[Site "Alushta"]
[Date "2010.05.18"]
[Round "8.3"]
[White "Zhigalko, Sergei"]
[Black "Iljin, Timofey"]
[Result "1-0"]
[WhiteElo "2647"]
[BlackElo "2422"]
[PlyCount "103"]
[EventDate "2010.05.13"]
[EventType "team-tourn"]
[EventRounds "11"]
[EventCountry "UKR"]
[SourceTitle "EXT 2019"]
[Source "ChessBase"]
[SourceDate "2018.10.10"]
[SourceVersion "1"]
[SourceVersionDate "2018.10.10"]
[SourceQuality "1"]
[WhiteTeam "Tschernihiw A DAN DZO & PGMB"]
[BlackTeam "Donetsk Adel"]
[WhiteTeamCountry "UKR"]
[BlackTeamCountry "UKR"]

1. e4 c5 2. Nf3 Nc6 3. Bb5 d6 4. d4 cxd4 5. Qxd4 Bd7 6. Bxc6 bxc6 7. c4 Qb6 8. Qd3 g6 9. Nc3 Bg7 10. O-O Nf6 11. b3 O-O 12. Bb2 Rad8 13. Rad1 Bg4 14. h3 Bxf3 15. Qxf3 Nd7 16. Na4 Qa5 17. Bxg7 Kxg7 18. Qe3 Nc5 19. Nc3 e5 20. Rd2 Rd7 21. Rfd1 Rfd8 22. Ne2 Ne6 23. Nc1 Qb6 24. Qc3 Nc5 25. Qe3 Ne6 26. Qg3 Nc5 27. Re2 f6 28. Nd3 Nxd3 29. Qxd3 a5 30. Red2 Qc5 31. Qf3 a4 32. Rd3 Rb8 33. R1d2 axb3 34. axb3 Qa3 35. Qd1 Rbd8 36. h4 Qc5 37. h5 d5 38. Qg4 d4 39. hxg6 hxg6 40. Rg3 g5 41. Rh3 Qe7 42. Qh5 Rg8 43. Ra2 Kf8 44. b4 d3 45. Qd1 Qxb4 46. Ra8+ Kg7 47. Rxg8+ Kxg8 48. Qh5 Qf8 49. Qh8+ Kf7 50. Rh7+ Kg6 51. Qxf8 Kxh7 52. Qxf6 1-0

[Event "UKR-chT 17th"]
[Site "Alushta"]
[Date "2010.05.18"]
[Round "9.4"]
[White "Zhigalko, Sergei"]
[Black "Korobkov, Piotr"]
[Result "1-0"]
[WhiteElo "2647"]
[BlackElo "2494"]
[PlyCount "89"]
[EventDate "2010.05.13"]
[EventType "team-tourn"]
[EventRounds "11"]
[EventCountry "UKR"]
[SourceTitle "EXT 2019"]
[Source "ChessBase"]
[SourceDate "2018.10.10"]
[SourceVersion "1"]
[SourceVersionDate "2018.10.10"]
[SourceQuality "1"]
[WhiteTeam "Tschernihiw A DAN DZO & PGMB"]
[BlackTeam "Luhansk LugPokerChess"]
[WhiteTeamCountry "UKR"]
[BlackTeamCountry "UKR"]

1. e4 c5 2. Nf3 Nc6 3. c3 Nf6 4. e5 Nd5 5. Bc4 e6 6. d4 cxd4 7. cxd4 d6 8. Qe2 Be7 9. O-O O-O 10. Re1 Nb6 11. Bb3 dxe5 12. dxe5 Nd4 13. Nxd4 Qxd4 14. Rd1 Qc5 15. Nc3 Bd7 16. Be3 Qc7 17. Rac1 Bc6 18. Bd4 Nd7 19. Qe3 Qa5 20. Bc2 Rfd8 21. a3 b5 22. b4 Qa6 23. Ne4 Nf8 24. Nf6+ Kh8 25. Ne4 Qb7 26. Bb1 a5 27. Nd6 Bxd6 28. exd6 axb4 29. axb4 f6 30. Bb6 Rd7 31. f3 Bd5 32. Rc7 Qb8 33. Rxd7 Nxd7 34. Bc7 Qa7 35. Qxa7 Rxa7 36. Bd3 Bc6 37. Rc1 Ra6 38. f4 f5 39. Re1 Nf8 40. Re5 Ra1+ 41. Kf2 Ng6 42. Rc5 Nxf4 43. Bxb5 Ra2+ 44. Ke1 Nxg2+ 45. Kd1 1-0

[Event "UKR-chT 17th"]
[Site "Alushta"]
[Date "2010.05.19"]
[Round "10.6"]
[White "Voronov, Yuri"]
[Black "Zhigalko, Sergei"]
[Result "0-1"]
[WhiteElo "2280"]
[BlackElo "2647"]
[PlyCount "62"]
[EventDate "2010.05.13"]
[EventType "team-tourn"]
[EventRounds "11"]
[EventCountry "UKR"]
[SourceTitle "EXT 2019"]
[Source "ChessBase"]
[SourceDate "2018.10.10"]
[SourceVersion "1"]
[SourceVersionDate "2018.10.10"]
[SourceQuality "1"]
[WhiteTeam "Cherkasy Etiud"]
[BlackTeam "Tschernihiw A DAN DZO & PGMB"]
[WhiteTeamCountry "UKR"]
[BlackTeamCountry "UKR"]

1. e4 c5 2. Nf3 Nc6 3. Bb5 Nf6 4. Nc3 Qc7 5. O-O Nd4 6. d3 a6 7. Ba4 b5 8. Bb3 Nxb3 9. axb3 b4 10. Nb1 g6 11. Nbd2 Bg7 12. Nc4 d5 13. exd5 Nxd5 14. Re1 O-O 15. Bd2 Bb7 16. Qc1 f6 17. Na5 Bc8 18. h3 g5 19. c3 bxc3 20. bxc3 Kh8 21. c4 Nf4 22. Bxf4 gxf4 23. b4 cxb4 24. d4 e5 25. d5 Rg8 26. Nc6 Bf8 27. Kh1 Bb7 28. Na5 Bc5 29. Nxb7 Qxb7 30. Qb2 a5 31. Nd2 Bd4 0-1

[Event "UKR-chT 17th"]
[Site "Alushta"]
[Date "2010.05.20"]
[Round "11.1"]
[White "Sevostianov, Pavel"]
[Black "Zhigalko, Sergei"]
[Result "0-1"]
[WhiteElo "2245"]
[BlackElo "2647"]
[PlyCount "86"]
[EventDate "2010.05.13"]
[EventType "team-tourn"]
[EventRounds "11"]
[EventCountry "UKR"]
[SourceTitle "EXT 2019"]
[Source "ChessBase"]
[SourceDate "2018.10.10"]
[SourceVersion "1"]
[SourceVersionDate "2018.10.10"]
[SourceQuality "1"]
[WhiteTeam "Kerkinitida Eupatoria"]
[BlackTeam "Tschernihiw A DAN DZO & PGMB"]
[WhiteTeamCountry "UKR"]
[BlackTeamCountry "UKR"]

1. Nf3 Nf6 2. d4 e6 3. g3 b5 4. Bg2 Bb7 5. O-O c5 6. Na3 b4 7. Nc4 d5 8. Nce5 Be7 9. c4 O-O 10. cxd5 Bxd5 11. dxc5 Bxc5 12. Nd3 Be7 13. Nf4 Be4 14. Qb3 Nbd7 15. Rd1 Qc8 16. Ne1 Bxg2 17. Nexg2 a5 18. Be3 a4 19. Qd3 Qb7 20. Rac1 Ne5 21. Qd4 Ned7 22. Nd3 Rfd8 23. Bd2 Ne4 24. Be1 Rab8 25. Ne3 Ng5 26. f3 Qxf3 27. h4 Qxe2 28. hxg5 Nc5 29. Nf4 Qxe1+ 30. Rxe1 Rxd4 31. Nf5 exf5 32. Rxe7 Ne4 33. g6 hxg6 34. Rcc7 Rd1+ 35. Kg2 Rbd8 36. Ne6 R8d2+ 37. Kf3 Rd3+ 38. Kg2 R1d2+ 39. Kg1 Rxg3+ 40. Kh1 Rh3+ 41. Kg1 fxe6 42. Rxg7+ Kh8 43. Rge7 Rd8 0-1

[Event "Minsk op"]
[Site "Minsk"]
[Date "2010.08.05"]
[Round "2"]
[White "Cherepov, Alexej"]
[Black "Zhigalko, Sergei"]
[Result "0-1"]
[WhiteElo "2238"]
[BlackElo "2656"]
[PlyCount "104"]
[EventDate "2010.08.04"]
[EventType "swiss"]
[EventRounds "9"]
[EventCountry "BLR"]
[SourceTitle "CBM 137 Extra"]
[Source "ChessBase"]
[SourceDate "2010.09.01"]
[SourceVersion "1"]
[SourceVersionDate "2010.09.01"]
[SourceQuality "1"]

1. d4 d5 2. c4 e6 3. Nf3 c6 4. Qc2 dxc4 5. Qxc4 Nf6 6. Nc3 b5 7. Qd3 Bb7 8. Bg5 Nbd7 9. e4 h6 10. Bh4 b4 11. Na4 Be7 12. e5 Nd5 13. Bxe7 Qxe7 14. Nd2 N5b6 15. Nxb6 axb6 16. Qe4 Ra7 17. Bd3 c5 18. Qg4 Qg5 19. Qxg5 hxg5 20. O-O cxd4 21. Bb5 Bd5 22. Nb3 Ke7 23. Nxd4 Nxe5 24. Rfe1 Kf6 25. b3 Rha8 26. Re2 Ra5 27. f3 Ng6 28. Bc6 Rd8 29. Bxd5 Raxd5 30. Nc6 Rd1+ 31. Rxd1 Rxd1+ 32. Kf2 Nf4 33. Rc2 Nd5 34. Ke2 Rg1 35. Kd3 g6 36. g3 Rf1 37. Ke2 Rh1 38. Kd3 Kg7 39. Rc4 Rxh2 40. Nxb4 Rf2 41. Nxd5 exd5 42. Rb4 Rxf3+ 43. Kd4 Rxg3 44. Rxb6 g4 45. Kxd5 Rd3+ 46. Ke4 g3 47. Rc6 Rd2 48. a3 Ra2 49. a4 Rb2 50. Rc1 Rxb3 51. Ra1 g2 52. a5 Ra3 0-1

[Event "Minsk op"]
[Site "Minsk"]
[Date "2010.08.06"]
[Round "3"]
[White "Zhigalko, Sergei"]
[Black "Kovalev, Vladislav"]
[Result "1-0"]
[WhiteElo "2656"]
[BlackElo "2329"]
[PlyCount "79"]
[EventDate "2010.08.04"]
[EventType "swiss"]
[EventRounds "9"]
[EventCountry "BLR"]
[SourceTitle "CBM 137 Extra"]
[Source "ChessBase"]
[SourceDate "2010.09.01"]
[SourceVersion "1"]
[SourceVersionDate "2010.09.01"]
[SourceQuality "1"]

1. d4 Nf6 2. c4 g6 3. Nc3 Bg7 4. e4 d6 5. Nf3 O-O 6. h3 e5 7. d5 Nh5 8. Nh2 Qe8 9. Be2 Nf4 10. Bf3 f5 11. g3 Nxh3 12. Bg2 fxe4 13. Be3 Bf5 14. Ng4 h5 15. Bxh3 hxg4 16. Bxg4 Na6 17. Be2 Nc5 18. g4 Bd7 19. Bxc5 dxc5 20. Nxe4 Rf4 21. Qd3 Qe7 22. f3 Bf6 23. O-O-O Bg5 24. Kb1 Rf7 25. Qa3 b6 26. d6 cxd6 27. Rxd6 Kg7 28. Rxd7 Qxd7 29. Nxg5 Re7 30. Ne4 Rh8 31. Rd1 Qc7 32. Nc3 Rd7 33. Nd5 Qd8 34. Qe3 e4 35. fxe4 Rh2 36. e5 Qh4 37. e6 Rd8 38. Qe5+ Kh6 39. g5+ Qxg5 40. Qxh2+ 1-0

[Event "Minsk op"]
[Site "Minsk"]
[Date "2010.08.07"]
[Round "4"]
[White "Zaiatz, Elena"]
[Black "Zhigalko, Sergei"]
[Result "1/2-1/2"]
[WhiteElo "2398"]
[BlackElo "2656"]
[PlyCount "40"]
[EventDate "2010.08.04"]
[EventType "swiss"]
[EventRounds "9"]
[EventCountry "BLR"]
[SourceTitle "CBM 137 Extra"]
[Source "ChessBase"]
[SourceDate "2010.09.01"]
[SourceVersion "1"]
[SourceVersionDate "2010.09.01"]
[SourceQuality "1"]

1. d4 Nf6 2. c4 e6 3. Nc3 Bb4 4. Qc2 O-O 5. e4 d5 6. e5 Ne4 7. Bd3 c5 8. Nf3 cxd4 9. Nxd4 Nd7 10. Bf4 Ndc5 11. O-O Bxc3 12. bxc3 Bd7 13. Bxe4 dxe4 14. f3 Nd3 15. Bg3 Qc7 16. fxe4 Qxc4 17. Rf3 Nc5 18. Bh4 Bc6 19. Nxc6 bxc6 20. Rd1 Qxe4 1/2-1/2

[Event "Minsk op"]
[Site "Minsk"]
[Date "2010.08.08"]
[Round "5"]
[White "Zhigalko, Sergei"]
[Black "Tihonov, Jurij"]
[Result "1/2-1/2"]
[WhiteElo "2656"]
[BlackElo "2469"]
[PlyCount "55"]
[EventDate "2010.08.04"]
[EventType "swiss"]
[EventRounds "9"]
[EventCountry "BLR"]
[SourceTitle "CBM 137 Extra"]
[Source "ChessBase"]
[SourceDate "2010.09.01"]
[SourceVersion "1"]
[SourceVersionDate "2010.09.01"]
[SourceQuality "1"]

1. e4 c5 2. Nf3 d6 3. d4 cxd4 4. Qxd4 a6 5. c4 Nc6 6. Qe3 g6 7. Be2 Bg4 8. O-O Bg7 9. Rd1 Qa5 10. Nbd2 Nf6 11. h3 Bxf3 12. Nxf3 Nd7 13. a3 Qb6 14. Rb1 a5 15. b4 axb4 16. axb4 O-O 17. Qd3 Rfd8 18. Be3 Qc7 19. Qb3 b6 20. Ne1 Ra7 21. Nc2 Rda8 22. Bf1 Nf6 23. c5 bxc5 24. bxc5 dxc5 25. Bxc5 Na5 26. Qe3 Bh6 27. Qxh6 Qxc5 28. Bd3 1/2-1/2

[Event "Minsk op"]
[Site "Minsk"]
[Date "2010.08.09"]
[Round "6"]
[White "Bogachkov, Igor"]
[Black "Zhigalko, Sergei"]
[Result "1/2-1/2"]
[WhiteElo "2347"]
[BlackElo "2656"]
[PlyCount "86"]
[EventDate "2010.08.04"]
[EventType "swiss"]
[EventRounds "9"]
[EventCountry "BLR"]
[SourceTitle "CBM 137 Extra"]
[Source "ChessBase"]
[SourceDate "2010.09.01"]
[SourceVersion "1"]
[SourceVersionDate "2010.09.01"]
[SourceQuality "1"]

1. e4 c5 2. Nf3 Nc6 3. d4 cxd4 4. Nxd4 Nf6 5. Nc3 d6 6. Bc4 e6 7. Be3 a6 8. Qe2 Qc7 9. Bb3 Na5 10. g4 Nxb3 11. axb3 h5 12. g5 Ng4 13. Bd2 Qc5 14. h3 Ne5 15. Be3 Qc7 16. f4 Nc6 17. f5 Be7 18. Qc4 Qd7 19. O-O-O Ne5 20. Qe2 g6 21. Bf4 Qc7 22. Nf3 b5 23. f6 Bd8 24. Rxd6 Qxd6 25. Bxe5 Qb6 26. Bd4 Qc7 27. Be5 Qb6 28. Bd4 Qa5 29. Bc5 b4 30. Na4 Bd7 31. Qd2 Bxa4 32. Bxb4 Qb5 33. Nd4 Qd7 34. bxa4 Bb6 35. Nb3 O-O-O 36. a5 Qxd2+ 37. Bxd2 Ba7 38. Re1 h4 39. Bf4 Rd7 40. Nd2 Rhd8 41. Nc4 Kb7 42. b3 Bd4 43. Be5 Bc5 1/2-1/2

[Event "Minsk op"]
[Site "Minsk"]
[Date "2010.08.12"]
[Round "9"]
[White "Zhigalko, Sergei"]
[Black "Lintchevski, Daniil"]
[Result "1-0"]
[WhiteElo "2656"]
[BlackElo "2507"]
[PlyCount "65"]
[EventDate "2010.08.04"]
[EventType "swiss"]
[EventRounds "9"]
[EventCountry "BLR"]
[SourceTitle "CBM 137 Extra"]
[Source "ChessBase"]
[SourceDate "2010.09.01"]
[SourceVersion "1"]
[SourceVersionDate "2010.09.01"]
[SourceQuality "1"]

1. e4 c5 2. Nf3 g6 3. c3 Bg7 4. d4 cxd4 5. cxd4 d5 6. e5 Nc6 7. Bb5 Nh6 8. O-O O-O 9. Re1 Bg4 10. Bxc6 bxc6 11. Nbd2 Qb6 12. h3 Bxf3 13. Nxf3 c5 14. b3 cxd4 15. Nxd4 f6 16. Be3 Qa6 17. e6 f5 18. Qd2 f4 19. Bxf4 Nf5 20. Be5 Bxe5 21. Rxe5 Nxd4 22. Qxd4 Rac8 23. Rxd5 Qxe6 24. Rd1 a6 25. Qd2 Rc6 26. Re1 Qf6 27. Rde5 e6 28. Qe2 Kg7 29. f3 Kf7 30. Qe3 Rfc8 31. Re4 Ke7 32. Qh6 Rh8 33. Rf4 1-0

[Event "ESP-chT CECLUB Honor"]
[Site "Sestao"]
[Date "2010.08.28"]
[Round "6"]
[White "Van Wely, Loek"]
[Black "Zhigalko, Sergei"]
[Result "1/2-1/2"]
[WhiteElo "2677"]
[BlackElo "2656"]
[PlyCount "110"]
[EventDate "2010.08.23"]
[EventType "team-tourn"]
[EventRounds "7"]
[EventCountry "ESP"]
[SourceTitle "CBM 138"]
[Source "ChessBase"]
[SourceDate "2010.09.17"]
[SourceVersion "1"]
[SourceVersionDate "2010.09.17"]
[SourceQuality "1"]

1. d4 Nf6 2. c4 e6 3. Nc3 Bb4 4. Qc2 O-O 5. a3 Bxc3+ 6. Qxc3 d6 7. Nf3 Nbd7 8. e3 b6 9. Be2 Bb7 10. O-O Ne4 11. Qc2 f5 12. b4 Rf6 13. Bb2 Rg6 14. Rad1 Qe7 15. d5 c5 16. dxc6 Bxc6 17. g3 e5 18. Nd2 Ng5 19. Rfe1 Rf8 20. Bf1 h5 21. f4 Nf3+ 22. Nxf3 Bxf3 23. Be2 Be4 24. Bd3 Bxd3 25. Qxd3 h4 26. Kg2 Kh7 27. e4 fxe4 28. Qxe4 Nf6 29. Qf3 Ng4 30. Qe4 Nf6 31. Qf3 Ng4 32. Qe4 Nh6 33. c5 bxc5 34. bxc5 Nf5 35. cxd6 Nxd6 36. Rxd6 Qxd6 37. f5 Rh6 38. f6+ Kg8 39. Bxe5 Qe6 40. fxg7 h3+ 41. Kg1 Re8 42. Rf1 Qc6 43. Qxc6 Rxc6 44. Rf5 Rc1+ 45. Kf2 Rc2+ 46. Kf3 Rxh2 47. Rh5 Rxe5 48. Rxe5 Ra2 49. Re8+ Kxg7 50. Re7+ Kg6 51. Rxa7 h2 52. Ra6+ Kg7 53. Ra7+ Kg6 54. Ra6+ Kg7 55. Ra7+ Kg6 1/2-1/2

[Event "POL-chT 66th"]
[Site "Katowice"]
[Date "2010.09.05"]
[Round "2"]
[White "Zhigalko, Sergei"]
[Black "Kryvoruchko, Yuriy"]
[Result "1/2-1/2"]
[WhiteElo "2640"]
[BlackElo "2635"]
[Annotator "RR"]
[PlyCount "59"]
[EventDate "2010.09.04"]
[EventType "team-tourn"]
[EventRounds "9"]
[EventCountry "POL"]
[SourceTitle "EXT 2016"]
[Source "ChessBase"]
[SourceDate "2015.10.08"]
[SourceVersion "1"]
[SourceVersionDate "2015.10.08"]
[SourceQuality "1"]
[WhiteTeam "Dankowice"]
[BlackTeam "Gorzow Wielkopolski"]
[WhiteTeamCountry "POL"]
[BlackTeamCountry "POL"]

1. e4 e5 2. Nf3 Nc6 3. Bb5 Nf6 4. O-O Nxe4 5. d4 Nd6 6. Bxc6 dxc6 7. dxe5 Nf5 8. Qxd8+ Kxd8 9. Nc3 Bd7 $5 {Une ligne secondaire qui avait été utilisée lors du match de Londres 2000 qui avait relancé le mur de Berlin} (9... Ke8 {La grande ligne}) (9... h6 {1/2 Kravtsiv,M (2559)-Navara,D (2722) 66th POL-ChT Katowice 2010 (1)}) 10. h3 h6 11. b3 Kc8 12. Bb2 Ne7 (12... b6 13. Rad1 c5 14. Nd5 a5 15. Nd2 Ne7 16. Ne3 Nf5 17. Nd5 Ne7 18. Ne3 Nf5 {½-½ (18) Kokarev,D (2621)-Leko,P (2730) Loo 2014}) 13. Ne2 a5 $1 (13... Ng6 14. Rfe1 a5 15. a4 Bb4 16. Red1 Re8 17. Ng3 Nf4 18. e6 Bxe6 19. Bxg7 Bd5 20. Bxh6 Nxh3+ 21. Kf1 Bxf3 22. gxf3 Rg8 23. Be3 Bd6 24. Rd2 b6 25. Rad1 Kb7 26. Kg2 {½-½ (26) Karjakin,S (2772)-Bruzon Batista,L (2682) Poikovsky 2011}) 14. a4 {[%csl Rb4]} c5 15. Nf4 Bf5 16. c4 g5 (16... Bc2 $11 {[%csl Rb3]}) 17. Nh5 Be6 18. Nd2 Ng6 19. g4 Be7 20. Rad1 Rg8 {Un coup assez mystérieux} (20... Rd8 {Plus naturel}) 21. Ne4 b6 22. Nef6 Bxf6 23. exf6 (23. Nxf6) 23... Kb7 $132 {Les  Noires sont liées et l'ukrainien a patiemment égalisé} 24. Kh2 Rad8 25. Kg3 Rd6 26. f4 gxf4+ 27. Nxf4 Nxf4 28. Kxf4 Rgd8 {L'idée de hg8 restera inexpliquée} 29. Rde1 c6 30. Rf3 1/2-1/2

[Event "POL-chT 66th"]
[Site "Katowice"]
[Date "2010.09.06"]
[Round "3"]
[White "Kravtsiv, Martyn"]
[Black "Zhigalko, Sergei"]
[Result "0-1"]
[WhiteElo "2559"]
[BlackElo "2640"]
[Annotator "Primel,Dominique"]
[PlyCount "70"]
[EventDate "2010.09.04"]
[EventType "team-tourn"]
[EventRounds "9"]
[EventCountry "POL"]
[SourceTitle "EXT 2016"]
[Source "ChessBase"]
[SourceDate "2015.10.08"]
[SourceVersion "1"]
[SourceVersionDate "2015.10.08"]
[SourceQuality "1"]
[WhiteTeam "Prokonex"]
[BlackTeam "Dankowice"]
[WhiteTeamCountry "POL"]
[BlackTeamCountry "POL"]

1. e4 c5 2. Nf3 d6 3. d4 cxd4 4. Nxd4 Nf6 5. Nc3 a6 6. Be2 Nbd7 $5 (6... e5 {La grande ligne} 7. Nb3 Be6 8. Be3) 7. Be3 (7. f4 $142 e6 8. O-O b5 9. Bf3 Bb7 10. e5) 7... e6 8. O-O b5 $1 {[%csl Re4]} 9. a4 (9. a3 Bb7 10. f3 Be7 $11) 9... b4 10. Nc6 Qc7 11. Nxb4 d5 12. Nxa6 Bxa6 13. exd5 Bb4 $1 $146 (13... Bd6 14. h3 exd5 {1-0 Anand,V (2786)-Topalov,V (2772) Leon 20th rapid 2007 (2.4)}) 14. dxe6 fxe6 15. Nb5 Bxb5 16. Bxb5 Bd6 (16... O-O {[%csl Rh2][%cal Gb4d6,Gf6d5]}) 17. h3 O-O 18. Re1 Nd5 $132 {Malgré la paire de , la majorité de l'aile-dame n'est pas facile à mobiliser et en mlillieu de jeu la pièce noire est un peu meilleure que les 3 } 19. Qg4 Rf5 20. Qc4 Qd8 $1 (20... Qxc4 $6 21. Bxc4) 21. Qe4 Re5 22. Qd3 Qe7 23. Bd4 Nf4 $1 24. Qf3 Rxe1+ (24... Rf8 25. Bxe5 Nxe5 $44) 25. Rxe1 Rf8 26. Qb7 {[%csl Rd7]} Qg5 $3 {[%cal Gf4h3]} (26... Rf7 {Jouable également mais cette variante provoque des échanges favorables aux Blancs} 27. Bxd7 Qxd7 28. Qxd7 Rxd7 29. Kf1) 27. Kf1 (27. Bxd7 Ne2+ 28. Kf1 Nxd4) 27... Nf6 {Toutes les pièces Noires se sont regroupées à l'aile-roi avec une bonne coordination} 28. Qf3 $2 {[%csl Rf3]} (28. Bc4 $142 {[%csl Re6][%cal Gc4g8]} N6h5 (28... Kh8)) 28... e5 $36 29. Bc3 e4 $1 $36 {Double gain de temps!} 30. Bc4+ $2 Kh8 31. Bxf6 Qxf6 32. Rxe4 Qxb2 $19 33. Qb3 Qa1+ 34. Re1 Qd4 35. c3 Nxh3 0-1